[Event "NB I. Charousek csoport"]
[Site "Balatonfured"]
[Date "2024.03.03"]
[Round "7.6"]
[White "Glatt, Gabor"]
[Black "Konyves, Almos"]
[Result "0-1"]
[WhiteElo "2169"]
[BlackElo "2306"]
[PlyCount "70"]
[EventDate "2023.10.08"]
[EventType "team-tourn"]
[EventRounds "11"]
[EventCountry "HUN"]
[Source "chess.hu"]
[WhiteTeam "Balatonfuredi SC"]
[BlackTeam "Sentimento Ajka BSK"]
[WhiteTeamCountry "HUN"]
[BlackTeamCountry "HUN"]

1. Nf3 d5 2. g3 c6 3. Bg2 Bf5 4. O-O e6 5. d3 Nf6 6. Nbd2 h6 7. c4 Nbd7 8. cxd5
cxd5 9. e4 Bh7 10. e5 Ng8 11. d4 Ne7 12. Nb3 Nc6 13. Be3 Be7 14. Ne1 O-O 15.
Rc1 Qb6 16. Qd2 Rfc8 17. f4 a5 18. f5 Bxf5 19. Bxd5 Nb4 20. Bg2 Nxa2 21. Rxc8+
Rxc8 22. Rxf5 exf5 23. Qd3 a4 24. Nd2 Bg5 25. Bxg5 hxg5 26. Ndf3 g4 27. Ng5
Nxe5 28. Qxf5 Qxd4+ 29. Kf1 Rc1 30. Be4 Qe3 31. Qh7+ Kf8 32. Ne6+ fxe6 33. Qh8+
Kf7 34. Qh5+ Ke7 35. Qh4+ Kd7 0-1

[Event "NB I. Charousek csoport"]
[Site "Balatonfured"]
[Date "2024.03.03"]
[Round "7.7"]
[White "Kolimar, Kristof Pal"]
[Black "Bodnar, Zoltan"]
[Result "1-0"]
[WhiteElo "2282"]
[BlackElo "2113"]
[PlyCount "125"]
[EventDate "2023.10.08"]
[EventType "team-tourn"]
[EventRounds "11"]
[EventCountry "HUN"]
[Source "chess.hu"]
[WhiteTeam "Sentimento Ajka BSK"]
[BlackTeam "Balatonfuredi SC"]
[WhiteTeamCountry "HUN"]
[BlackTeamCountry "HUN"]

1. d4 Nf6 2. c4 e6 3. g3 Bb4+ 4. Bd2 Be7 5. Bg2 d5 6. Nf3 dxc4 7. Qa4+ Nbd7 8.
O-O O-O 9. Qxc4 a6 10. Qc2 c5 11. dxc5 Bxc5 12. Nc3 Qc7 13. Rac1 b5 14. Ne4
Nxe4 15. Qxe4 Bb7 16. Qb1 Qb6 17. Ng5 g6 18. Bxb7 Qxb7 19. Qe4 Qxe4 20. Nxe4
Rfc8 21. Nxc5 Nxc5 22. Be3 Ne4 23. Rfd1 Kf8 24. f3 Rxc1 25. Rxc1 Nf6 26. Bg5
Nd7 27. Rc7 Ke8 28. Kf2 f6 29. Bd2 Kd8 30. Ba5 Ke8 31. g4 g5 32. Kg3 h6 33. h4
Ke7 34. Bb4+ Ke8 35. f4 gxf4+ 36. Kxf4 a5 37. Bd2 Ke7 38. Kg3 Kd6 39. Rc2 Rh8
40. Bxa5 Ra8 41. Bb4+ Kd5 42. a3 Ke4 43. Rc6 Rg8 44. Rxe6+ Ne5 45. Rxf6 Rxg4+
46. Kh3 h5 47. Rh6 Ke3 48. Rxh5 Re4 49. Bc3 Ng4 50. Kg3 Kxe2 51. Rxb5 Ne3 52.
Rg5 Nf1+ 53. Kh3 Rf4 54. Be5 Rf3+ 55. Kg4 Ne3+ 56. Kh5 Nf5 57. a4 Ke3 58. a5
Ke4 59. a6 Kxe5 60. a7 Rf4 61. a8=Q Rxh4+ 62. Kg6 Rh6+ 63. Kf7 1-0

[Event "NB I. Charousek csoport"]
[Site "Balatonfured"]
[Date "2024.03.03"]
[Round "7.8"]
[White "Forgacs, Attila"]
[Black "Kozma, Karoly"]
[Result "1-0"]
[WhiteElo "2050"]
[BlackElo "2206"]
[PlyCount "39"]
[EventDate "2023.10.08"]
[EventType "team-tourn"]
[EventRounds "11"]
[EventCountry "HUN"]
[Source "chess.hu"]
[WhiteTeam "Balatonfuredi SC"]
[BlackTeam "Sentimento Ajka BSK"]
[WhiteTeamCountry "HUN"]
[BlackTeamCountry "HUN"]

1. e4 c5 2. Nf3 d6 3. d4 cxd4 4. Nxd4 Nf6 5. Nc3 Nc6 6. Bc4 e6 7. Be3 a6 8. Qe2
Qc7 9. O-O-O Na5 10. Bd3 b5 11. a3 Bb7 12. g4 d5 13. exd5 Nxd5 14. Ndxb5 axb5
15. Bxb5+ Kd8 16. Nxd5 exd5 17. Rd3 Be7 18. Rc3 Qd6 19. Re1 Rc8 20. Bb6+ 1-0

[Event "NB I. Charousek csoport"]
[Site "Balatonfured"]
[Date "2024.03.03"]
[Round "7.9"]
[White "Gyorkos, Lajos"]
[Black "Vargyas, Zoltan"]
[Result "0-1"]
[WhiteElo "2193"]
[BlackElo "1951"]
[PlyCount "90"]
[EventDate "2023.10.08"]
[EventType "team-tourn"]
[EventRounds "11"]
[EventCountry "HUN"]
[Source "chess.hu"]
[WhiteTeam "Sentimento Ajka BSK"]
[BlackTeam "Balatonfuredi SC"]
[WhiteTeamCountry "HUN"]
[BlackTeamCountry "HUN"]

1. Nf3 Nf6 2. g3 g6 3. d4 Bg7 4. b3 O-O 5. Bb2 d6 6. Bg2 c5 7. O-O Nc6 8. d5
Na5 9. c4 a6 10. Nc3 Rb8 11. Nd2 b5 12. Qc2 bxc4 13. bxc4 Bh6 14. f4 e5 15.
dxe6 Bxe6 16. Nd1 Bg7 17. Rb1 Re8 18. e4 Bd7 19. Nf2 Nc6 20. Bc3 h5 21. Nf3 Ng4
22. Bxg7 Kxg7 23. Nd1 Qf6 24. Nc3 Ne3 25. Qd3 Nxf1 26. Rxf1 Nd4 27. Rd1 Bg4 28.
Nd5 Nxf3+ 29. Bxf3 Qd4+ 30. Qxd4+ cxd4 31. Bxg4 hxg4 32. Rxd4 Rb2 33. f5 gxf5
34. Ne3 fxe4 35. Nf5+ Kf6 36. Nxd6 Re6 37. c5 e3 38. Rf4+ Kg5 39. Ne4+ Kh5 40.
Kf1 Rxa2 41. Ke1 Rxh2 42. Rxf7 Rc2 43. Rf4 a5 44. Nf6+ Kg6 45. Nd7 Kg5 0-1

[Event "NB I. Charousek csoport"]
[Site "Balatonfured"]
[Date "2024.03.03"]
[Round "7.10"]
[White "Fur, Katinka"]
[Black "Szalay-Ocsak, Bank"]
[Result "1/2-1/2"]
[WhiteElo "1969"]
[BlackElo "2174"]
[PlyCount "43"]
[EventDate "2023.10.08"]
[EventType "team-tourn"]
[EventRounds "11"]
[EventCountry "HUN"]
[Source "chess.hu"]
[WhiteTeam "Balatonfuredi SC"]
[BlackTeam "Sentimento Ajka BSK"]
[WhiteTeamCountry "HUN"]
[BlackTeamCountry "HUN"]

1. d4 Nf6 2. c4 e6 3. Nf3 d5 4. cxd5 exd5 5. Nc3 c6 6. Qc2 g6 7. Bg5 Be7 8. e3
Bf5 9. Bd3 Bxd3 10. Qxd3 Nbd7 11. O-O h6 12. Bf4 Kf8 13. Rab1 a5 14. Rfc1 Kg7
15. h3 Qf8 16. Ne5 Bd6 17. Nxd7 Nxd7 18. Bxd6 Qxd6 19. Na4 h5 20. Nc5 Nxc5 21.
Rxc5 Qe6 22. Rbc1 1/2-1/2

[Event "NB I. Charousek csoport"]
[Site "Balatonfured"]
[Date "2024.03.03"]
[Round "7.11"]
[White "Mihalyfi, Gabor"]
[Black "Kun, Balint"]
[Result "1/2-1/2"]
[WhiteElo "1909"]
[BlackElo "1948"]
[PlyCount "51"]
[EventDate "2023.10.08"]
[EventType "team-tourn"]
[EventRounds "11"]
[EventCountry "HUN"]
[Source "chess.hu"]
[WhiteTeam "Sentimento Ajka BSK"]
[BlackTeam "Balatonfuredi SC"]
[WhiteTeamCountry "HUN"]
[BlackTeamCountry "HUN"]

1. g3 d5 2. d4 Nf6 3. Bg2 e6 4. Nf3 b6 5. O-O Bb7 6. c4 Be7 7. Nc3 Nbd7 8. Qc2
Rc8 9. Bf4 c5 10. dxc5 Rxc5 11. Ne5 Nxe5 12. Bxe5 Rxc4 13. Rfd1 O-O 14. Qb3 Nd7
15. Bf4 Nc5 16. Qxc4 dxc4 17. Rxd8 Rxd8 18. Bxb7 Nxb7 19. Rc1 Bd6 20. Be3 Bc5
21. Bf4 f6 22. Ne4 Bd4 23. Rxc4 e5 24. Bc1 Nc5 25. Nxc5 Bxc5 26. Kg2 1/2-1/2

[Event "NB I. Charousek csoport"]
[Site "Balatonfured"]
[Date "2024.03.03"]
[Round "7.12"]
[White "Palla, Gyorgy"]
[Black "Halmavanszki, Dora"]
[Result "1-0"]
[WhiteElo "1981"]
[BlackElo "1659"]
[PlyCount "113"]
[EventDate "2023.10.08"]
[EventType "team-tourn"]
[EventRounds "11"]
[EventCountry "HUN"]
[Source "chess.hu"]
[WhiteTeam "Balatonfuredi SC"]
[BlackTeam "Sentimento Ajka BSK"]
[WhiteTeamCountry "HUN"]
[BlackTeamCountry "HUN"]

1. Nf3 d5 2. g3 Nf6 3. Bg2 e6 4. O-O b6 5. c4 Bb7 6. cxd5 Bxd5 7. Nc3 Bb7 8. d4
Nbd7 9. Bf4 Nd5 10. Nxd5 Bxd5 11. Qc2 Bd6 12. e4 Bb7 13. e5 Be7 14. h4 h6 15.
Rfd1 O-O 16. Rac1 Rc8 17. Qd2 Nb8 18. h5 c5 19. Qe3 Bd5 20. b3 Bxf3 21. Qxf3
cxd4 22. Rxc8 Qxc8 23. Rxd4 Bc5 24. Rc4 Qd7 25. Bxh6 f5 26. Be3 Na6 27. a3 Rd8
28. Bxc5 Nxc5 29. Kh2 Qd3 30. Qxd3 Rxd3 31. b4 Nd7 32. f4 Rxa3 33. Rc7 Nf8 34.
Bc6 Rc3 35. b5 Ra3 36. Be8 Kh7 37. Kh3 Kh6 38. Re7 a6 39. bxa6 Rxa6 40. Rf7 Nh7
41. Rb7 Nf8 42. Bf7 Kh7 43. Kh4 b5 44. Rxb5 Ra7 45. Be8 Re7 46. Rb8 g6 47. Bb5
Kg7 48. Be2 gxh5 49. Bxh5 Rc7 50. Re8 Rc1 51. Bf3 Rf1 52. Bg2 Rf2 53. Kh3 Rc2
54. Bf3 Rc7 55. Bh5 Ng6 56. Bxg6 Kxg6 57. Rxe6+ 1-0

[Event "NB I. Charousek csoport"]
[Site "Szentgotthard"]
[Date "2024.03.10"]
[Round "8.1"]
[White "Egresi, Mate"]
[Black "Sebenik, Matej"]
[Result "1/2-1/2"]
[WhiteElo "2374"]
[BlackElo "2522"]
[PlyCount "113"]
[EventDate "2023.10.08"]
[EventType "team-tourn"]
[EventRounds "11"]
[EventCountry "HUN"]
[Source "chess.hu"]
[WhiteTeam "Sentimento Ajka BSK"]
[BlackTeam "SZ-A STE"]
[WhiteTeamCountry "HUN"]
[BlackTeamCountry "HUN"]

1. e4 c5 2. Nf3 Nc6 3. Bb5 d6 4. O-O Bd7 5. Re1 Nf6 6. c3 a6 7. Bf1 Bg4 8. h3
Bxf3 9. Qxf3 e6 10. d3 Be7 11. Nd2 O-O 12. Qd1 d5 13. e5 Nd7 14. Nf3 d4 15. g3
dxc3 16. bxc3 b5 17. c4 bxc4 18. dxc4 Ndxe5 19. Nxe5 Qxd1 20. Rxd1 Nxe5 21. Bb2
Bf6 22. Bxe5 Bxe5 23. Rab1 Rab8 24. Bd3 g5 25. Kf1 Bb2 26. Rd2 Bd4 27. Rdd1 Kg7
28. Ke2 h5 29. Rxb8 Rxb8 30. Rb1 Rd8 31. f3 Be5 32. Rb6 Bxg3 33. Rxa6 Rb8 34.
Be4 Rb2+ 35. Kd3 Be1 36. Ra7 Rh2 37. Bc6 Kf6 38. Be8 Ke5 39. Rxf7 Rxh3 40. a4
Rh2 41. Bd7 h4 42. Re7 Rd2+ 43. Ke3 Kd6 44. Rh7 Rh2 45. Ke4 h3 46. Bb5 Re2+ 47.
Kd3 Rd2+ 48. Ke3 h2 49. f4 gxf4+ 50. Kxf4 Rd4+ 51. Kf3 Rh4 52. Rxh4 Bxh4 53.
Kg2 Bg3 54. Be8 e5 55. Bg6 Bf4 56. Be4 Kc7 57. a5 1/2-1/2

[Event "NB I. Charousek csoport"]
[Site "Szentgotthard"]
[Date "2024.03.10"]
[Round "8.2"]
[White "Seres, Lajos"]
[Black "Jakab, Attila"]
[Result "1-0"]
[WhiteElo "2326"]
[BlackElo "2282"]
[PlyCount "39"]
[EventDate "2023.10.08"]
[EventType "team-tourn"]
[EventRounds "11"]
[EventCountry "HUN"]
[Source "chess.hu"]
[WhiteTeam "SZ-A STE"]
[BlackTeam "Sentimento Ajka BSK"]
[WhiteTeamCountry "HUN"]
[BlackTeamCountry "HUN"]

1. d4 Nf6 2. Nf3 e6 3. c4 Bb4+ 4. Bd2 Qe7 5. Nc3 Bxc3 6. Bxc3 Ne4 7. Qc2 Nxc3
8. Qxc3 O-O 9. g3 b6 10. Bg2 Bb7 11. O-O d6 12. Rfe1 Be4 13. Bh3 Nd7 14. Nd2
Bg6 15. f4 f5 16. e4 c5 17. exf5 Bxf5 18. Bg2 cxd4 19. Qxd4 e5 20. Bxa8 1-0

[Event "NB I. Charousek csoport"]
[Site "Szentgotthard"]
[Date "2024.03.10"]
[Round "8.3"]
[White "Martini, Balazs"]
[Black "Magold, Filip"]
[Result "1/2-1/2"]
[WhiteElo "2352"]
[BlackElo "2403"]
[PlyCount "52"]
[EventDate "2023.10.08"]
[EventType "team-tourn"]
[EventRounds "11"]
[EventCountry "HUN"]
[Source "chess.hu"]
[WhiteTeam "Sentimento Ajka BSK"]
[BlackTeam "SZ-A STE"]
[WhiteTeamCountry "HUN"]
[BlackTeamCountry "HUN"]

1. d4 Nf6 2. Nf3 d5 3. c3 c6 4. Bf4 Bf5 5. e3 Qb6 6. Qb3 h6 7. h3 Nbd7 8. c4
dxc4 9. Bxc4 e6 10. O-O Be7 11. Nbd2 O-O 12. Rac1 a5 13. a3 a4 14. Qxb6 Nxb6
15. Be2 Ne4 16. Nxe4 Bxe4 17. Nd2 Bh7 18. Rfd1 Rfe8 19. Bf3 Bf8 20. Bc7 Nd5 21.
Bg3 Ra6 22. Nc4 Rd8 23. Be2 Raa8 24. Bf3 Ra6 25. Be2 Ra7 26. Bf3 Ra6 1/2-1/2

[Event "NB I. Charousek csoport"]
[Site "Szentgotthard"]
[Date "2024.03.10"]
[Round "8.4"]
[White "Takacs, Balazs"]
[Black "Cseke, Richard"]
[Result "1/2-1/2"]
[WhiteElo "2324"]
[BlackElo "2295"]
[PlyCount "116"]
[EventDate "2023.10.08"]
[EventType "team-tourn"]
[EventRounds "11"]
[EventCountry "HUN"]
[Source "chess.hu"]
[WhiteTeam "SZ-A STE"]
[BlackTeam "Sentimento Ajka BSK"]
[WhiteTeamCountry "HUN"]
[BlackTeamCountry "HUN"]

1. e4 c5 2. Nf3 Nc6 3. d4 cxd4 4. Nxd4 Nf6 5. Nc3 d6 6. Bc4 e6 7. Be3 Be7 8.
Qe2 a6 9. Bb3 Qc7 10. O-O-O Bd7 11. Kb1 Na5 12. g4 Nxb3 13. cxb3 Bc6 14. f3 O-O
15. g5 Nd7 16. h4 Rfd8 17. g6 hxg6 18. h5 Nf8 19. hxg6 fxg6 20. f4 Bf6 21. Rh3
Rac8 22. Rc1 Qd7 23. Qh2 b5 24. b4 a5 25. Nxc6 Rxc6 26. bxa5 Bxc3 27. Rxc3 Rxc3
28. bxc3 Qc6 29. Qd2 Rc8 30. Bd4 Qc4 31. Qd3 Qa4 32. f5 b4 33. fxg6 b3 34. Qd2
Nxg6 35. Rg3 Ne5 36. Bxe5 Qxe4+ 37. Kb2 Qxe5 38. Rg5 Qf6 39. axb3 d5 40. a6 Qf1
41. Qe3 Rc6 42. a7 Ra6 43. a8=Q+ Rxa8 44. Qxe6+ Qf7 45. Qxd5 Qxd5 46. Rxd5 Kf7
47. b4 Rg8 48. Rg5 Kf6 49. Rg2 g5 50. Kb3 g4 51. b5 Ke5 52. Kb4 g3 53. c4 Kd6
54. b6 Kc6 55. c5 Rg4+ 56. Ka5 Rg8 57. Kb4 Rg4+ 58. Kc3 Kxc5 1/2-1/2

[Event "NB I. Charousek csoport"]
[Site "Szentgotthard"]
[Date "2024.03.10"]
[Round "8.5"]
[White "Kolimar, Kristof Pal"]
[Black "Gjuran, Denis"]
[Result "1-0"]
[WhiteElo "2282"]
[BlackElo "2302"]
[PlyCount "53"]
[EventDate "2023.10.08"]
[EventType "team-tourn"]
[EventRounds "11"]
[EventCountry "HUN"]
[Source "chess.hu"]
[WhiteTeam "Sentimento Ajka BSK"]
[BlackTeam "SZ-A STE"]
[WhiteTeamCountry "HUN"]
[BlackTeamCountry "HUN"]

1. d4 d5 2. Nf3 Nf6 3. c4 e6 4. g3 Be7 5. Bg2 O-O 6. O-O c6 7. Qc2 a5 8. Rd1
Na6 9. a3 b6 10. Ne5 Bb7 11. Nc3 Rc8 12. e4 h6 13. Qe2 Nb8 14. Bf4 Re8 15. Rac1
Ba6 16. Qc2 Bb7 17. Qb3 dxc4 18. Nxc4 b5 19. Ne5 Nh5 20. Be3 Bd6 21. Nd3 Bf8
22. e5 g5 23. g4 Ng7 24. Ne4 Be7 25. Ndc5 Ba8 26. f4 f5 27. fxg5 1-0

[Event "NB I. Charousek csoport"]
[Site "Szentgotthard"]
[Date "2024.03.10"]
[Round "8.6"]
[White "Ronai, Akos Balazs"]
[Black "Danada, Tomas"]
[Result "1/2-1/2"]
[WhiteElo "2157"]
[BlackElo "2210"]
[PlyCount "105"]
[EventDate "2023.10.08"]
[EventType "team-tourn"]
[EventRounds "11"]
[EventCountry "HUN"]
[Source "chess.hu"]
[WhiteTeam "SZ-A STE"]
[BlackTeam "Sentimento Ajka BSK"]
[WhiteTeamCountry "HUN"]
[BlackTeamCountry "HUN"]

1. e4 c6 2. d4 d5 3. e5 Bf5 4. h4 h5 5. Bg5 Qb6 6. Bd3 Qxd4 7. Nf3 Qg4 8. Bxf5
Qxf5 9. c4 Nd7 10. O-O Nxe5 11. Nxe5 Qxe5 12. Nc3 dxc4 13. Re1 Qf5 14. Ne4 e6
15. Qc2 Qa5 16. Rad1 Bb4 17. Re3 Qxa2 18. Nd6+ Kf8 19. Nxb7 Nf6 20. Rf3 c3 21.
Bxf6 gxf6 22. Rxc3 Bxc3 23. Qxc3 Qa4 24. Rd7 Kg7 25. Nc5 Qg4 26. Rd4 Qg6 27.
Rd3 Kh7 28. Nd7 e5 29. Rf3 Rhe8 30. Rxf6 Qg7 31. Rf5 Re6 32. Qf3 Kg8 33. Rxh5
Rd8 34. Rg5 Qxg5 35. hxg5 Rxd7 36. Qe3 Rd1+ 37. Kh2 Rd4 38. g3 Rd7 39. Qc3 e4
40. Qe3 a5 41. Qb6 Rd5 42. Kh3 Kg7 43. Kh4 Rg6 44. Qe3 Re6 45. Qc3+ Kh7 46. Qe1
Rd4 47. g4 Rb4 48. Qc3 e3 49. fxe3 Ree4 50. Qf6 Rxg4+ 51. Kh3 Kg8 52. Qd8+ Kg7
53. Qf6+ 1/2-1/2

[Event "NB I. Charousek csoport"]
[Site "Szentgotthard"]
[Date "2024.03.10"]
[Round "8.7"]
[White "Szelenyi, Norbert"]
[Black "Kovac, Boris"]
[Result "1-0"]
[WhiteElo "2249"]
[BlackElo "2172"]
[PlyCount "39"]
[EventDate "2023.10.08"]
[EventType "team-tourn"]
[EventRounds "11"]
[EventCountry "HUN"]
[Source "chess.hu"]
[WhiteTeam "Sentimento Ajka BSK"]
[BlackTeam "SZ-A STE"]
[WhiteTeamCountry "HUN"]
[BlackTeamCountry "HUN"]

1. d4 d5 2. Nf3 Nf6 3. Bf4 e6 4. e3 Be7 5. Ne5 O-O 6. Nd2 Nbd7 7. Bd3 Re8 8. h4
Nf8 9. h5 N6d7 10. Qf3 Nxe5 11. dxe5 Bg5 12. O-O-O Bxf4 13. Qxf4 Qe7 14. Rh3
Bd7 15. Rg3 c5 16. c3 Red8 17. Rh1 Be8 18. Qh6 Ng6 19. hxg6 gxh6 20. gxh7+ 1-0

[Event "NB I. Charousek csoport"]
[Site "Szentgotthard"]
[Date "2024.03.10"]
[Round "8.8"]
[White "Volosin, Vladimir"]
[Black "Kozma, Karoly"]
[Result "1/2-1/2"]
[WhiteElo "2164"]
[BlackElo "2206"]
[PlyCount "41"]
[EventDate "2023.10.08"]
[EventType "team-tourn"]
[EventRounds "11"]
[EventCountry "HUN"]
[Source "chess.hu"]
[WhiteTeam "SZ-A STE"]
[BlackTeam "Sentimento Ajka BSK"]
[WhiteTeamCountry "HUN"]
[BlackTeamCountry "HUN"]

1. c4 Nf6 2. Nc3 g6 3. e4 d6 4. g3 Bg7 5. Bg2 O-O 6. Nge2 c5 7. O-O Nc6 8. d3
a6 9. h3 Rb8 10. a4 Ne8 11. Be3 Nd4 12. Rb1 Nc7 13. b4 Nxe2+ 14. Nxe2 Ne6 15.
d4 cxd4 16. Nxd4 Nxd4 17. Bxd4 Qc7 18. Bxg7 Kxg7 19. Qd3 Be6 20. Rfc1 Qd7 21.
Qd4+ 1/2-1/2

[Event "NB I. Charousek csoport"]
[Site "Szentgotthard"]
[Date "2024.03.10"]
[Round "8.9"]
[White "Vass, Viktor"]
[Black "Nagy-Elek, Tamas"]
[Result "0-1"]
[WhiteElo "2159"]
[BlackElo "2062"]
[PlyCount "64"]
[EventDate "2023.10.08"]
[EventType "team-tourn"]
[EventRounds "11"]
[EventCountry "HUN"]
[Source "chess.hu"]
[WhiteTeam "Sentimento Ajka BSK"]
[BlackTeam "SZ-A STE"]
[WhiteTeamCountry "HUN"]
[BlackTeamCountry "HUN"]

1. e4 e5 2. Nf3 Nc6 3. Bb5 a6 4. Ba4 Nf6 5. Qe2 b5 6. Bb3 d6 7. c3 Be7 8. O-O
O-O 9. a4 Rb8 10. axb5 axb5 11. d4 exd4 12. cxd4 Bg4 13. Rd1 d5 14. e5 Ne4 15.
h3 Bh5 16. Be3 Qd7 17. Kh2 Nd8 18. Nc3 c6 19. Ra6 Ne6 20. g4 Nxc3 21. bxc3 Bg6
22. Qa2 Rb7 23. Nd2 f5 24. exf6 Bd6+ 25. Kg1 Rxf6 26. g5 Nxg5 27. Bxg5 Qxh3 28.
Bxd5+ Kh8 29. Ra8+ Rb8 30. Rxb8+ Bxb8 31. Bg2 Qh2+ 32. Kf1 Bd3+ 0-1

[Event "NB I. Charousek csoport"]
[Site "Szentgotthard"]
[Date "2024.03.10"]
[Round "8.10"]
[White "Hitter, Gabriella"]
[Black "Kosztolanczi, Gyula"]
[Result "1/2-1/2"]
[WhiteElo "2051"]
[BlackElo "2059"]
[PlyCount "141"]
[EventDate "2023.10.08"]
[EventType "team-tourn"]
[EventRounds "11"]
[EventCountry "HUN"]
[Source "chess.hu"]
[WhiteTeam "SZ-A STE"]
[BlackTeam "Sentimento Ajka BSK"]
[WhiteTeamCountry "HUN"]
[BlackTeamCountry "HUN"]

1. e4 c5 2. Nf3 Nc6 3. d4 cxd4 4. Nxd4 e5 5. Nb5 d6 6. c4 Be7 7. N1c3 a6 8. Na3
f5 9. Bd3 f4 10. g3 fxg3 11. fxg3 Nf6 12. Nc2 O-O 13. Be2 Be6 14. Be3 Rc8 15.
Qd2 Ng4 16. Bxg4 Bxg4 17. Nd5 Bf3 18. O-O Bxe4 19. Rxf8+ Bxf8 20. Re1 Qe8 21.
Bb6 Qg6 22. Nce3 Ne7 23. Nxe7+ Bxe7 24. Nd5 Bg5 25. Be3 Bxe3+ 26. Nxe3 Rf8 27.
Rd1 Qg5 28. b3 Bc6 29. Nc2 Qf5 30. Nb4 Be4 31. Qe3 a5 32. Nd3 Bxd3 33. Qxd3
Qf2+ 34. Kh1 Rf6 35. Qd5+ Kf8 36. Qxb7 Qe2 37. Qa8+ Ke7 38. Qb7+ Ke8 39. Qa8+
Kf7 40. Qd5+ Ke7 41. Qb7+ Ke6 42. Qd5+ Kf5 43. Qd3+ Qxd3 44. Rxd3 e4 45. Rd5+
Kg4 46. Kg2 g5 47. h3+ Kh5 48. Rd4 Re6 49. Kf2 Rf6+ 50. Ke2 Rf3 51. h4 Rxg3 52.
hxg5 Kxg5 53. Rxd6 Kf4 54. Rf6+ Ke5 55. Rh6 Kd4 56. Rd6+ Kc3 57. Ra6 Rg2+ 58.
Ke3 Rxa2 59. c5 Kb4 60. c6 Rc2 61. Rb6+ Kc5 62. Rb8 Kd6 63. Rd8+ Kc7 64. Rh8
Rh2 65. Ra8 Rh4 66. Rxa5 Kxc6 67. b4 Kd6 68. Rg5 Rh3+ 69. Kxe4 Rh4+ 70. Kf5
Rxb4 71. Rh5 1/2-1/2

[Event "NB I. Charousek csoport"]
[Site "Szentgotthard"]
[Date "2024.03.10"]
[Round "8.11"]
[White "Pasti, Anna"]
[Black "Parragi, Istvan"]
[Result "1-0"]
[WhiteElo "1968"]
[BlackElo "1924"]
[PlyCount "89"]
[EventDate "2023.10.08"]
[EventType "team-tourn"]
[EventRounds "11"]
[EventCountry "HUN"]
[Source "chess.hu"]
[WhiteTeam "Sentimento Ajka BSK"]
[BlackTeam "SZ-A STE"]
[WhiteTeamCountry "HUN"]
[BlackTeamCountry "HUN"]

1. d4 Nf6 2. c4 c5 3. Nf3 cxd4 4. Nxd4 b6 5. Nc3 Bb7 6. Bg5 e6 7. e4 h6 8. Bxf6
Qxf6 9. a3 Bc5 10. Nf3 O-O 11. Be2 Qg6 12. Nh4 Qf6 13. Nf3 d6 14. Qd2 a5 15.
O-O a4 16. Bd1 Bc6 17. Bc2 Qe7 18. Nd4 Bd7 19. Ndb5 Nc6 20. Nxa4 Ne5 21. Qe2
Bxb5 22. cxb5 Rxa4 23. Bxa4 Ng6 24. Rad1 e5 25. g3 Qg5 26. Kh1 Rc8 27. b4 Bd4
28. f4 Qd8 29. fxe5 Bxe5 30. Bb3 Bf6 31. Rc1 Ne5 32. Qd1 Rxc1 33. Qxc1 Qd7 34.
a4 Bg5 35. Qc2 Qh3 36. Qg2 Qd7 37. Qf2 Qb7 38. Bd5 Qc7 39. Qf5 Bd2 40. a5 bxa5
41. b6 Qxb6 42. Bxf7+ Nxf7 43. Qxf7+ Kh8 44. Qe8+ Kh7 45. Rf8 1-0

[Event "NB I. Charousek csoport"]
[Site "Szombathely"]
[Date "2024.03.10"]
[Round "8.1"]
[White "Fancsy, Imre"]
[Black "Csonka, Attila Istvan"]
[Result "1/2-1/2"]
[WhiteElo "2355"]
[BlackElo "2291"]
[PlyCount "41"]
[EventDate "2023.10.08"]
[EventType "team-tourn"]
[EventRounds "11"]
[EventCountry "HUN"]
[Source "chess.hu"]
[WhiteTeam "Balatonfuredi SC"]
[BlackTeam "Haladas VSE II."]
[WhiteTeamCountry "HUN"]
[BlackTeamCountry "HUN"]

1. d4 Nf6 2. c4 e6 3. Nc3 c5 4. d5 exd5 5. cxd5 d6 6. Nf3 g6 7. e4 Bg7 8. Nd2
O-O 9. Be2 Nbd7 10. O-O Re8 11. a4 Ne5 12. Ra3 Bd7 13. Qc2 a6 14. a5 g5 15. Nd1
Rc8 16. f3 c4 17. Ne3 g4 18. fxg4 Nd3 19. Bxd3 cxd3 20. Qxd3 Bb5 21. Ndc4
1/2-1/2

[Event "NB I. Charousek csoport"]
[Site "Szombathely"]
[Date "2024.03.10"]
[Round "8.2"]
[White "Kiss, Attila"]
[Black "Pataki, Gyozo"]
[Result "1/2-1/2"]
[WhiteElo "2292"]
[BlackElo "2301"]
[PlyCount "26"]
[EventDate "2023.10.08"]
[EventType "team-tourn"]
[EventRounds "11"]
[EventCountry "HUN"]
[Source "chess.hu"]
[WhiteTeam "Haladas VSE II."]
[BlackTeam "Balatonfuredi SC"]
[WhiteTeamCountry "HUN"]
[BlackTeamCountry "HUN"]

1. e4 c5 2. Nf3 e6 3. d4 cxd4 4. Nxd4 a6 5. Bd3 Bc5 6. Nb3 Be7 7. O-O d6 8. c4
Nf6 9. Nc3 O-O 10. Qc2 Qc7 11. f4 Nbd7 12. Be3 b6 13. g4 Nc5 1/2-1/2

[Event "NB I. Charousek csoport"]
[Site "Szombathely"]
[Date "2024.03.10"]
[Round "8.3"]
[White "Zentai, Peter"]
[Black "Farkas, Gabor"]
[Result "1/2-1/2"]
[WhiteElo "2248"]
[BlackElo "2291"]
[PlyCount "113"]
[EventDate "2023.10.08"]
[EventType "team-tourn"]
[EventRounds "11"]
[EventCountry "HUN"]
[Source "chess.hu"]
[WhiteTeam "Balatonfuredi SC"]
[BlackTeam "Haladas VSE II."]
[WhiteTeamCountry "HUN"]
[BlackTeamCountry "HUN"]

1. d4 g6 2. c4 Bg7 3. e4 c5 4. d5 d6 5. Bd3 b5 6. cxb5 a6 7. Nf3 axb5 8. Bxb5+
Nd7 9. O-O Qb6 10. a4 Ba6 11. Na3 Bxb5 12. Nxb5 Ngf6 13. Qc2 O-O 14. Bd2 e6 15.
dxe6 fxe6 16. Bf4 d5 17. Bc7 Qc6 18. exd5 Nxd5 19. Bd6 Rf5 20. Qe4 Re8 21. Bg3
N7f6 22. Qc4 Nb6 23. Qc2 e5 24. Rad1 Nbd5 25. Rfe1 e4 26. Nfd4 Nb4 27. Nxc6
Nxc2 28. Re2 Nb4 29. Nxb4 cxb4 30. Nd6 Rd8 31. Red2 Rc5 32. Kf1 b3 33. Nxe4
Rxd2 34. Nxd2 Rc2 35. Nxb3 Rxb2 36. Nc5 Rc2 37. Ne6 Bh6 38. f3 Ra2 39. Be5 Kf7
40. Nd8+ Ke7 41. Nc6+ Kf7 42. Ra1 Rc2 43. Nd4 Rd2 44. Bxf6 Kxf6 45. Ne2 Be3 46.
g3 h5 47. a5 Ba7 48. a6 g5 49. h3 Rd3 50. f4 Rf3+ 51. Ke1 gxf4 52. gxf4 Rxh3
53. Kd2 Rf3 54. Ra5 h4 55. Rh5 Ra3 56. Nc3 Kg6 57. Rxh4 1/2-1/2

[Event "NB I. Charousek csoport"]
[Site "Szombathely"]
[Date "2024.03.10"]
[Round "8.5"]
[White "Lyell, Mark"]
[Black "Magyar, Andras"]
[Result "0-1"]
[WhiteElo "2185"]
[BlackElo "2214"]
[PlyCount "86"]
[EventDate "2023.10.08"]
[EventType "team-tourn"]
[EventRounds "11"]
[EventCountry "HUN"]
[Source "chess.hu"]
[WhiteTeam "Balatonfuredi SC"]
[BlackTeam "Haladas VSE II."]
[WhiteTeamCountry "HUN"]
[BlackTeamCountry "HUN"]

1. e4 c5 2. Nc3 Nc6 3. Bb5 Nd4 4. Nf3 e6 5. O-O Ne7 6. Re1 a6 7. Bf1 Nec6 8.
Nxd4 Nxd4 9. Nd5 exd5 10. exd5+ Ne6 11. d4 cxd4 12. Qxd4 Qf6 13. Qb6 Be7 14.
dxe6 fxe6 15. Bd2 O-O 16. Bc3 Qf5 17. Re5 Qxc2 18. Qe3 d6 19. Re4 d5 20. Rg4 e5
21. Rxg7+ Kxg7 22. Qxe5+ Bf6 23. Qe7+ Rf7 24. Bxf6+ Kg6 25. Qe3 Kxf6 26. Bd3
Qc6 27. Re1 Be6 28. f4 Kg7 29. Qxe6 Qxe6 30. Rxe6 Rxf4 31. Re7+ Rf7 32. Rxf7+
Kxf7 33. Bxh7 Ke6 34. g4 Rh8 35. Bf5+ Ke5 36. Kg2 Kf4 37. h3 d4 38. a4 a5 39.
Bc2 Re8 40. Kf2 Re3 41. Bf5 d3 42. h4 d2 43. Bc2 Re1 0-1